000 00285nam a22001337a 4500
008 180907b xxu||||| |||| 00| 0 eng d
020 _a9781133611097
041 _aeng
080 _29 ED
_a541
100 _a12
101 _aKIM
245 _aChemistry
_cZumdahl.z
942 _2udc
_cBK
999 _c47603
_d47603